|
|
|
|
| LEADER |
05815nam a22004093i 4500 |
| 001 |
EBC7101315 |
| 003 |
MiAaPQ |
| 005 |
20240729202204.0 |
| 006 |
m o d | |
| 007 |
cr cnu|||||||| |
| 008 |
240729s2014 xx o ||||0 ger d |
| 020 |
|
|
|a 9783428573806
|q (electronic bk.)
|
| 020 |
|
|
|z 9783428173808
|
| 035 |
|
|
|a (MiAaPQ)EBC7101315
|
| 035 |
|
|
|a (Au-PeEL)EBL7101315
|
| 035 |
|
|
|a (OCoLC)1348485101
|
| 040 |
|
|
|a MiAaPQ
|b eng
|e rda
|e pn
|c MiAaPQ
|d MiAaPQ
|
| 100 |
1 |
|
|a Socialpolitik, Verein für.
|
| 245 |
1 |
0 |
|a Gemeindefinanzen :
|b Erster Band: System der Gemeindebesteuerung in Hessen, Württemberg, Baden, Elsaß-Lothringen, Bayern, Sachsen, Preußen. Im Auftrag des Vereins Für Socialpolitik Herausgegeben. (Schriften des Vereins Für Socialpolitik 126).
|
| 250 |
|
|
|a 1st ed.
|
| 264 |
|
1 |
|a Berlin :
|b Duncker & Humblot,
|c 2014.
|
| 264 |
|
4 |
|c {copy}1908.
|
| 300 |
|
|
|a 1 online resource (331 pages)
|
| 336 |
|
|
|a text
|b txt
|2 rdacontent
|
| 337 |
|
|
|a computer
|b c
|2 rdamedia
|
| 338 |
|
|
|a online resource
|b cr
|2 rdacarrier
|
| 490 |
1 |
|
|a Duncker and Humblot Reprints Series
|
| 505 |
0 |
|
|a Intro -- Inhaltsverzeichnis -- Vorwort. Von Professor Dr. Karl Rathgen in Hamburg -- Die Kommunalbesteuerung im Großherzogtum Hessen. Von Ministerialrat Dr. Becker, Darmstadt -- A. Einleitung -- B. Das geltende Gemeindesteuerrecht und seine Abänderungsbedürftigkeit -- I. Allgemeines -- II. Die einzelnen für die Gemeindebesteuerung in Betracht kommenden Steuern -- 1. Die Einkommensteuer -- 2. Die Besteuerung des Kapitals -- 3. Die Besteuerung des Grundbesitzes -- 4. Die Besteuerung des Gewerbebetriebs -- 5. Verhältnis der Besteuerung des Einkommens, des Grundbesitzes, Gewerbebetriebs und Kapitalvermögens zueinander -- C. Wirkungen der Umgestaltung der direkten Gemeindesteuern auf die Gemeindefinanzen -- D. Ausblick auf die Wirkungen des 13 des Zolltarifgesetzes vom 25. Dezember 1902 für die hessischen Gemeinden -- Nachwort -- Die Kommunalbesteuerung in Württemberg. Von Finanzrat Dr. Trüdinger, Stuttgart -- I. Die geschichtliche Entwicklung der Kommunalbesteuerung in Württemberg -- A. Der Rechtszustand in älterer Zeit -- B. Die Kommunalbesteuerung im 19. Jahrhundert -- C. Der Rechtszustand vor der Gemeindesteuerreform des Jahres 1903 -- 1. Die Art der Besteuerung -- a. Die Gemeindesteuern -- b. Die Amtskörperschastssteuern -- 2. Die statistischen Ergebnisse dieser Besteuerung -- 3. Die Nachteile dieser Besteuerung -- II. Die Kommunalsteuerreform des Jahres 1903 -- 1. Die Gemeindebesteuerung nach dem neuen Steuerrecht -- 2. Kritik der neuen Gemeindebesteuerung -- 3. Die Wirkungen der Gemeindesteuerreform -- III. Rückblick und Ausblick -- Die Gemeindebesteuerung im Großherzogtum Baden. Von Dr. Jos. Ehrler, Vorstand des städtischen Statistischen Amtes, Freiburg i. Br. -- Erster Abschnitt: Organisation und Entwicklung des badischen Gemeindesteuersystems vom Jahre 1831 bis 1908 unter besonderer Berücksichtigung der direkten Gemeindesteuern.
|
| 505 |
8 |
|
|a Zweiter Abschnitt: Das Gemeindevermögen und seine finanzielle Bedeutung und Ausnutzung -- Dritter Abschnitt: Beiträge und Gebühren -- Vierter Abschnitt: Die Verbrauchssteuern und sonstigen Gemeindeabgaben -- Das System der Gemeindebesteuerung in Elsaß-Lothringen. Von Dr. Eichelmann, Direktor des Statistischen Amtes der Stadt Straßburg -- Einleitung -- A. Die selbständigen Gemeindesteuer -- 1. Die Hundesteuer -- 2. Die Gemeindeabgaben auf Wanderlager -- 3. Gemeindedienste (Hand-Spanndienste, Fronen) -- B. Die direkte Gemeindebesteuerung in Elsaß-Lothringen in Form von Steuerzuschlägen -- C. Die indirekte Gemeindebesteuerung in Elsaß-Lothringen. Das Oktroi -- Die öffentlich-rechtlichen Einnahmen der Gemeinden in Bayern. Von Th. Kutzer, Erstem Bürgermeister in Fürth -- I. Einleitung -- II. -- A. Verwaltungsgebühren (Strafen) -- B. Abgaben für Benützung des Gemeindeeigentums usw. -- C. Beiträge -- D. Besitzwechselabgabe -- E. Heimats- und Bürgerrechtsgebühren -- F. Lustbarkeits- und Aufwandsteuern -- G. Verbrauchssteuern -- H. Direkte Gemeindesteuern (Umlagen) -- III. Die Höhe der Steuern in den bayrischen Gemeinden -- IV. Würdigung des bayrischen Steuersystems -- V. Reformgedanken -- Die Gemeindebesteuerung im Königreich Sachsen. Von Hans von Nostitz, Kgl. Sächsischem Amtshauptmann und Kammerherrn -- I. Einleitung -- II. Die Einkommensteuer -- III. Die Grundsteuer -- IV. Die Gewerbesteuer -- V. Verschiedene Steuern -- 1. Kopfsteuer -- 2. Besitzwechselabgaben -- 3. Verbrauchsabgaben -- 4. Lustbarkeitssteuern -- VI. Wertzuwachssteuer -- VII. Schluß -- Anlage (Entwurf einer Wertzuwachssteuerordnung) -- Das heutige Gemeindebesteuerungssystem in Preußen. Unter besonderer Berücksichtigung des Westens der Monarchie. Von Dr. Ernst Scholz, Beigeordnetem und Kämmerer in Wiesbaden -- I. Die leitenden Gesichtspunkte der Gemeindebesteuerung.
|
| 505 |
8 |
|
|a II. Die Wirkungen des Kommunalabgabengesetzes -- III. Die Einwirkung des Zolltarifgesetzes auf die Gemeindebesteuerung -- IV. Entwicklung und Reformwünsche -- 1. Reformwünsche formellrechtlicher Natur -- 2. Reformwünsche materiellrechtlicher Natur.
|
| 588 |
|
|
|a Description based on publisher supplied metadata and other sources.
|
| 590 |
|
|
|a Electronic reproduction. Ann Arbor, Michigan : ProQuest Ebook Central, 2024. Available via World Wide Web. Access may be limited to ProQuest Ebook Central affiliated libraries.
|
| 655 |
|
4 |
|a Electronic books.
|
| 776 |
0 |
8 |
|i Print version:
|a Socialpolitik, Verein für
|t Gemeindefinanzen
|d Berlin : Duncker & Humblot,c2014
|z 9783428173808
|
| 797 |
2 |
|
|a ProQuest (Firm)
|
| 830 |
|
0 |
|a Duncker and Humblot Reprints Series
|
| 856 |
4 |
0 |
|u https://ebookcentral.proquest.com/lib/matrademy/detail.action?docID=7101315
|z Click to View
|